عرض عادي
عرض مارك
- Criminal law
مدخل مصطلح موضوعي
001 - رقم الضبط
- حقل الضبط: 44604
003 - معرف رقم الضبط
- حقل الضبط: OSt
005 - تاريخ ووقت أخر عملية
- حقل الضبط: 20140510111312.0
008 - عناصر بيانات ثابتة الطول
- حقل تحكم ثابت الطول: 140510|||a|||||| | ||| d
040 ## - مصدر الفهرسة
- هيئة الفهرسة الأصلية: OSt
- وكالة الكتابة: OSt
150 ## - مدخل-- مصطلح تاريخي
- عنصر مدخل المصطلح الموضوعي او الاسم الجغرافي: Criminal law
- تفريع جغرافي: Egypt
670 ## - بيانات المصدر موجوده
- الاستشهاد بالمصدر: Work cat.: (OSt): Belal, Ahmed Awad 44603, Principles of egyptian criminal law : book 1, The Criminal offence /, 2014
